[Event "XXII Festival A"]
[Site "Arco ITA"]
[Date "2000.10.22"]
[Round "2"]
[White "Coratella, Giuseppe"]
[Black "Wagman, Stuart"]
[Result "0-1"]
[WhiteElo "2077"]
[BlackElo "2190"]
[PlyCount "116"]
[EventDate "2000.10.21"]

1. e4 e5 2. Nf3 Nc6 3. d4 exd4 4. Nxd4 Qh4 5. Nb5 Bc5 6. Qe2 Nd4 7. Nxd4 Bxd4
8. Nc3 Nf6 9. Nb5 Bb6 10. Be3 Kd8 11. Bxb6 axb6 12. O-O-O Qxe4 13. Qc4 Qxc4 14.
Bxc4 Rf8 15. Rhe1 d6 16. Rd2 Be6 17. Bxe6 fxe6 18. Rxe6 Rxa2 19. Rde2 Rf7 20.
Nd4 Kd7 21. Nf5 Nd5 22. g4 g6 23. Nh6 Re7 24. Rxe7+ Nxe7 25. c4 Ra5 26. Kd2 Rc5
27. Kd3 b5 28. cxb5 Rxb5 29. f4 Rb3+ 30. Ke4 Rb4+ 31. Kf3 Rb3+ 32. Ke4 Rb4+ 33.
Kf3 Nc6 34. Kg3 Nd4 35. Rf2 Rb3+ 36. Kg2 Re3 37. f5 gxf5 38. Nxf5 Nxf5 39. Rxf5
Re7 40. h4 Ke6 41. Rf2 c5 42. Kg3 d5 43. Rf8 Kd6 44. Kf4 c4 45. h5 b5 46. g5 d4
47. Rd8+ Kc5 48. Kf5 c3 49. bxc3 dxc3 50. Rc8+ Kb4 51. Kf6 Ra7 52. g6 hxg6 53.
hxg6 Kb3 54. g7 Rxg7 55. Kxg7 b4 56. Kf6 Kb2 57. Ke5 c2 58. Kd4 b3 0-1

[Event "XXII Festival A"]
[Site "Arco ITA"]
[Date "2000.10.22"]
[Round "2"]
[White "Crippa, Gabriele"]
[Black "Schiappacasse, Marcello"]
[Result "1-0"]
[WhiteElo "2136"]
[BlackElo "2021"]
[PlyCount "71"]
[EventDate "2000.10.21"]

1. d4 Nf6 2. Nf3 g6 3. Bg5 Bg7 4. Nbd2 c5 5. e3 cxd4 6. exd4 O-O 7. Bd3 d6 8.
O-O Nc6 9. Re1 Nb4 10. Bc4 Bf5 11. Rc1 Rc8 12. Bb3 a5 13. a3 Na6 14. h3 Nc7 15.
Nf1 Be6 16. Bxf6 Bxf6 17. Bxe6 Nxe6 18. Qd2 Qb6 19. c3 Qb5 20. Rc2 Qb3 21. Ne3
Rc7 22. Qd1 Qb5 23. c4 Qh5 24. Nd5 Rcc8 25. Nxf6+ exf6 26. b3 b5 27. d5 Nc7 28.
Kh2 bxc4 29. bxc4 Na6 30. Qd2 Qf5 31. Nd4 Qd7 32. Nc6 Rfe8 33. Rcc1 Nc5 34. Re3
a4 35. Rce1 Rxe3 36. Qxe3 1-0

[Event "XXII Festival A"]
[Site "Arco ITA"]
[Date "2000.10.22"]
[Round "2"]
[White "Denes, Roberto"]
[Black "Doppelhammer, Herbert"]
[Result "1/2-1/2"]
[WhiteElo "1498"]
[BlackElo "2119"]
[PlyCount "66"]
[EventDate "2000.10.21"]

1. d4 d5 2. c4 e6 3. e3 c6 4. Nc3 Nf6 5. cxd5 exd5 6. Bd3 Bd6 7. Nge2 O-O 8.
O-O Bg4 9. f3 Bh5 10. Qc2 Bg6 11. e4 dxe4 12. fxe4 c5 13. Bg5 cxd4 14. Nd5
Bxh2+ 15. Kh1 Be5 16. Bxf6 gxf6 17. Nef4 Nd7 18. Rac1 Rc8 19. Qxc8 Qxc8 20.
Rxc8 Rxc8 21. Ne7+ Kf8 22. Nxc8 Nc5 23. Nxa7 Bxf4 24. Rxf4 Nxd3 25. Rxf6 Nxb2
26. Rb6 Nc4 27. Rb4 Nd6 28. Rxd4 Nxe4 29. Nb5 Ke7 30. Nc7 Nd6 31. Nd5+ Ke6 32.
Nc7+ Ke7 33. Nd5+ Ke6 1/2-1/2

[Event "XXII Festival A"]
[Site "Arco ITA"]
[Date "2000.10.22"]
[Round "2"]
[White "Dickhoff, Ronald"]
[Black "Tukmakov, Vladimir B."]
[Result "1/2-1/2"]
[WhiteElo "2273"]
[BlackElo "2582"]
[PlyCount "61"]
[EventDate "2000.10.21"]

1. d4 Nf6 2. Nf3 c5 3. d5 b5 4. c4 Bb7 5. Bg5 Ne4 6. Bf4 bxc4 7. Nc3 Qa5 8. Bd2
Nxd2 9. Nxd2 Ba6 10. e3 g6 11. Qc2 Bg7 12. Rc1 O-O 13. Bxc4 d6 14. O-O Nd7 15.
a3 Rab8 16. Nb3 Rxb3 17. Qxb3 Rb8 18. Qa4 Bxc3 19. Qxa5 Bxa5 20. Bxa6 Rxb2 21.
Rb1 Rb6 22. Bb5 Nf6 23. Bc4 Ne4 24. Rb5 Rxb5 25. Bxb5 Nc3 26. Bc4 f5 27. Rc1
Kg7 28. Rc2 Ne4 29. f4 Kf6 30. Kf1 Nc3 31. Rc1 1/2-1/2

[Event "XXII Festival A"]
[Site "Arco ITA"]
[Date "2000.10.22"]
[Round "2"]
[White "Drei, Andrea"]
[Black "Kleibaumhueter, Klaus"]
[Result "1-0"]
[WhiteElo "2350"]
[BlackElo "2187"]
[PlyCount "57"]
[EventDate "2000.10.21"]

1. e4 e6 2. d4 d5 3. Nc3 Nf6 4. e5 Nfd7 5. f4 c5 6. Nf3 Nc6 7. Ne2 Be7 8. c3
O-O 9. g3 b5 10. Bg2 b4 11. O-O Ba6 12. Rf2 Rc8 13. a3 bxc3 14. bxc3 Na5 15.
Rb1 cxd4 16. cxd4 Qc7 17. f5 Qc2 18. Qxc2 Rxc2 19. Nf4 Rxf2 20. Kxf2 Rc8 21.
fxe6 fxe6 22. Bd2 Rc2 23. Bh3 g5 24. Bxe6+ Kg7 25. Nxd5 Bc4 26. Kg1 g4 27. Bxg4
Bxd5 28. Bxa5 Bxa3 29. Ne1 1-0

[Event "XXII Festival A"]
[Site "Arco ITA"]
[Date "2000.10.22"]
[Round "2"]
[White "Haldemann, Paul"]
[Black "Rotstein, Arkadij"]
[Result "0-1"]
[WhiteElo "2231"]
[BlackElo "2492"]
[PlyCount "70"]
[EventDate "2000.10.21"]

1. d4 Nf6 2. c4 e6 3. Nc3 Bb4 4. e3 O-O 5. Bd3 d5 6. Nge2 Nc6 7. cxd5 exd5 8.
O-O Ne7 9. Qc2 a6 10. e4 dxe4 11. Nxe4 Nxe4 12. Bxe4 h6 13. d5 Bd6 14. Bf4 Re8
15. Rfe1 Bg4 16. f3 Bxf4 17. Nxf4 Qd6 18. g3 Bd7 19. Rac1 Rac8 20. Kg2 Kf8 21.
Qc5 Ng8 22. Ne2 Nf6 23. Nd4 Qxc5 24. Rxc5 Re5 25. Rcc1 g5 26. Nb3 b6 27. Bd3
Rxe1 28. Rxe1 a5 29. Re5 Re8 30. Rxe8+ Kxe8 31. Be4 Ke7 32. Nd2 Bb5 33. Kf2 Kd6
34. Ke3 Nxd5+ 35. Kd4 c5# 0-1

[Event "XXII Festival A"]
[Site "Arco ITA"]
[Date "2000.10.22"]
[Round "2"]
[White "Krivoshey, Sergei"]
[Black "Genocchio, Daniele"]
[Result "0-1"]
[WhiteElo "2473"]
[BlackElo "2201"]
[PlyCount "60"]
[EventDate "2000.10.21"]

1. d4 c5 2. d5 g6 3. e4 Bg7 4. Nf3 d6 5. Be2 e6 6. Nc3 Ne7 7. Nd2 exd5 8. exd5
O-O 9. Nc4 Re8 10. O-O b6 11. Bf4 Nf5 12. a4 Ba6 13. Nb5 Nd4 14. Bd3 Bxb5 15.
axb5 Nxb5 16. c3 Nd7 17. Qb3 a6 18. Nxd6 Nxd6 19. Bxd6 b5 20. c4 b4 21. Bg3 a5
22. Qc2 Qf6 23. Ra2 Qd4 24. Rd1 a4 25. Bf1 b3 26. Qc1 bxa2 27. Rxd4 Bxd4 28.
Qa1 a3 29. Qxa2 axb2 30. Qb3 Ra1 0-1

[Event "XXII Festival A"]
[Site "Arco ITA"]
[Date "2000.10.22"]
[Round "2"]
[White "Lazarev, Vladimir"]
[Black "Luciani, Carlo"]
[Result "1/2-1/2"]
[WhiteElo "2501"]
[BlackElo "2225"]
[PlyCount "52"]
[EventDate "2000.10.21"]

1. d4 c5 2. d5 f5 3. g3 Nf6 4. Bg2 g6 5. c4 Bg7 6. Nc3 O-O 7. Nf3 d6 8. O-O
Nbd7 9. Rb1 a6 10. a4 Ng4 11. Qc2 Nde5 12. Nxe5 dxe5 13. b4 cxb4 14. Rxb4 e4
15. h3 Ne5 16. Be3 a5 17. Rb3 Nxc4 18. Bc5 Bd7 19. Nxe4 Bxa4 20. d6 Nxd6 21.
Nxd6 exd6 22. Qc4+ Kh8 23. Qxa4 dxc5 24. Rxb7 Qd4 25. Qb5 Rad8 26. Qxa5 f4
1/2-1/2

[Event "XXII Festival A"]
[Site "Arco ITA"]
[Date "2000.10.22"]
[Round "2"]
[White "Lovati, Paolo"]
[Black "Ketzscher, Roland"]
[Result "1/2-1/2"]
[WhiteElo "2084"]
[BlackElo "2214"]
[PlyCount "22"]
[EventDate "2000.10.21"]

1. c4 Nf6 2. g3 e6 3. b3 d5 4. Bb2 c6 5. Bg2 Nbd7 6. Nf3 Bd6 7. cxd5 exd5 8.
O-O O-O 9. Qc2 Re8 10. d3 Nf8 11. Re1 Bg4 1/2-1/2

[Event "XXII Festival A"]
[Site "Arco ITA"]
[Date "2000.10.22"]
[Round "2"]
[White "Molzahn, Norbert"]
[Black "Dalponte, Dino"]
[Result "1/2-1/2"]
[WhiteElo "2064"]
[BlackElo "2142"]
[PlyCount "51"]
[EventDate "2000.10.21"]

1. c4 e6 2. e4 Nc6 3. Nf3 e5 4. Nc3 Bc5 5. Be2 d6 6. O-O Nge7 7. d3 O-O 8. Be3
Bxe3 9. fxe3 Ng6 10. Nd5 Nb8 11. d4 c6 12. Nc3 Qe7 13. Qe1 Bg4 14. Qg3 Bxf3 15.
Rxf3 Nd7 16. Raf1 Qh4 17. Qxh4 Nxh4 18. Rh3 Ng6 19. g4 h6 20. Rg3 f6 21. Rf2 a6
22. h3 Rad8 23. Nb1 exd4 24. exd4 c5 25. Rd3 Rfe8 26. Nc3 1/2-1/2

[Event "XXII Festival A"]
[Site "Arco ITA"]
[Date "2000.10.22"]
[Round "2"]
[White "Patelli, Alessandro"]
[Black "Slobodjan, Roman"]
[Result "0-1"]
[WhiteElo "2244"]
[BlackElo "2541"]
[PlyCount "64"]
[EventDate "2000.10.21"]

1. Nf3 Nf6 2. c4 g6 3. Nc3 Bg7 4. e4 c5 5. d4 cxd4 6. Nxd4 O-O 7. Be2 d6 8. O-O
Nbd7 9. Be3 Re8 10. Qd2 b6 11. f3 Bb7 12. Rac1 Rc8 13. Rfd1 Qc7 14. Nd5 Qb8 15.
b4 Kf8 16. Nb3 Red8 17. Qe1 Ba6 18. c5 Bxe2 19. Qxe2 Nxd5 20. exd5 bxc5 21.
bxc5 Nxc5 22. Nxc5 dxc5 23. Bxc5 Rd7 24. g3 Bf6 25. Qe3 Kg7 26. Rb1 Qa8 27. d6
exd6 28. Rxd6 Rxd6 29. Bxd6 Qd5 30. Qa3 Qd2 31. Bb4 Bd4+ 32. Kh1 Qf2 0-1

[Event "XXII Festival A"]
[Site "Arco ITA"]
[Date "2000.10.22"]
[Round "2"]
[White "Pernigotti, Carlo"]
[Black "Diotallevi, Maurizio"]
[Result "1-0"]
[WhiteElo "2199"]
[BlackElo "2090"]
[PlyCount "155"]
[EventDate "2000.10.21"]

1. e4 e6 2. d4 d5 3. Nd2 c5 4. exd5 Qxd5 5. Ngf3 cxd4 6. Bc4 Qd6 7. O-O Nf6 8.
Nb3 Nc6 9. Re1 a6 10. Bg5 Bd7 11. Nbxd4 Nxd4 12. Qxd4 Qxd4 13. Nxd4 Be7 14.
Rad1 Rd8 15. Nf3 O-O 16. Ne5 Bc8 17. Kf1 Nd5 18. Bxe7 Nxe7 19. c3 Ng6 20. Nxg6
hxg6 21. Ke2 b5 22. Bb3 Bb7 23. f3 Bc6 24. Ke3 Rc8 25. a3 Rfe8 26. Rd6 Kf8 27.
Red1 Ke7 28. Bc2 a5 29. Be4 Bxe4 30. Rd7+ Kf6 31. fxe4 b4 32. axb4 axb4 33.
cxb4 Rb8 34. R7d4 Rh8 35. h3 Rhc8 36. Kd3 Ke5 37. Re1 Rb7 38. Rc4 Ra8 39. g3 f6
40. h4 Kd6 41. Kc3 Rh8 42. Rd1+ Ke7 43. Rc5 Rhb8 44. Rd4 Ke8 45. Rdc4 Kd7 46.
Rd4+ Ke8 47. Kb3 Ke7 48. Rdc4 Kd7 49. Ra5 f5 50. e5 Rh8 51. Rd4+ Ke7 52. Kc4 g5
53. hxg5 Rh2 54. Kc3 Rg2 55. Rd3 Rd7 56. Re3 Rdd2 57. Ra7+ Ke8 58. Rxg7 Rxb2
59. Kc4 Rgd2 60. Ra3 Kf8 61. Rh7 Kg8 62. g6 Rbc2+ 63. Rc3 Rb2 64. Kb5 Rd8 65.
Rcc7 Rb8+ 66. Rb7 Rc8 67. Rhg7+ Kh8 68. Rgc7 Rd8 69. Rd7 Rc8 70. Re7 Rb3 71.
Rxe6 Rxg3 72. Rf6 Re8 73. Kc6 f4 74. g7+ Rxg7 75. Rxg7 Kxg7 76. Rxf4 Rxe5 77.
b5 Re1 78. b6 1-0

[Event "XXII Festival A"]
[Site "Arco ITA"]
[Date "2000.10.22"]
[Round "2"]
[White "Ragonese, Lucio Rosario"]
[Black "Kloster, Josef"]
[Result "1/2-1/2"]
[WhiteElo "1956"]
[BlackElo "2135"]
[PlyCount "78"]
[EventDate "2000.10.21"]

1. d4 Nf6 2. Nf3 d5 3. Bg5 e6 4. Nbd2 Be7 5. e3 Nbd7 6. Bd3 h6 7. Bh4 b6 8. c3
Bb7 9. Qe2 Ne4 10. Bxe7 Qxe7 11. Ba6 Bxa6 12. Qxa6 Nxd2 13. Nxd2 O-O 14. O-O c5
15. Rae1 Nf6 16. Qd3 Rad8 17. Nf3 Qc7 18. Ne5 Nd7 19. Nxd7 Rxd7 20. f4 c4 21.
Qe2 f5 22. Qh5 Kh7 23. Rf3 g6 24. Qh4 Qd8 25. Qxd8 Rfxd8 26. Rff1 Kg7 27. Kf2
b5 28. Ke2 Rb7 29. Kd2 Kf6 30. Kc2 Rdb8 31. a3 a5 32. Ra1 g5 33. g3 Ke7 34. Rh1
Kd6 35. Rhf1 Kc6 36. Rh1 Ra8 37. Rhf1 Rba7 38. Rh1 g4 39. Kd2 Rg7 1/2-1/2

[Event "XXII Festival A"]
[Site "Arco ITA"]
[Date "2000.10.22"]
[Round "2"]
[White "Rigo, Janos"]
[Black "Di Lazzaro, Gabriele"]
[Result "1-0"]
[WhiteElo "2309"]
[BlackElo "1959"]
[PlyCount "51"]
[EventDate "2000.10.21"]

1. e4 c5 2. Nf3 a6 3. b3 e6 4. e5 Nc6 5. Bb2 Qc7 6. g3 Nge7 7. Bg2 Nf5 8. O-O
Be7 9. Re1 b6 10. Nc3 Bb7 11. Ne4 Rg8 12. c3 d5 13. exd6 Nxd6 14. Nxd6+ Qxd6
15. Qc2 h6 16. Ne5 Rd8 17. d4 cxd4 18. cxd4 Na5 19. Bxb7 Nxb7 20. Qe2 b5 21.
Qf3 f6 22. Qh5+ g6 23. Nxg6 Kd7 24. d5 e5 25. Rac1 Na5 26. Bxe5 1-0

[Event "XXII Festival A"]
[Site "Arco ITA"]
[Date "2000.10.22"]
[Round "2"]
[White "Sprea, Giuseppe"]
[Black "Barucco, Mattia"]
[Result "0-1"]
[WhiteElo "1930"]
[BlackElo "1912"]
[PlyCount "78"]
[EventDate "2000.10.21"]

1. d4 Nf6 2. c4 g6 3. Nc3 Bg7 4. e4 d6 5. Nge2 O-O 6. Ng3 e5 7. d5 c6 8. Be2
cxd5 9. cxd5 a5 10. Bg5 h6 11. Be3 Na6 12. Bxa6 Rxa6 13. f3 Nd7 14. Qc1 f5 15.
Bf2 b6 16. O-O f4 17. Nge2 g5 18. Nb5 Nc5 19. Bxc5 bxc5 20. h3 Rf7 21. Kf2 Bf8
22. Ke1 Rb6 23. Nec3 a4 24. b3 axb3 25. a4 Ba6 26. Qa3 c4 27. Kd2 Rb8 28. Rfc1
Qb6 29. Re1 Rfb7 30. Qb4 Rc8 31. Qa3 Rbb8 32. Re2 Ra8 33. Qb2 Qa5 34. Ree1 Qb6
35. Ke2 Bb7 36. Kf1 Kg7 37. Qf2 Qd8 38. Kg1 Qd7 39. Kh2 39... h5 $138 0-1

[Event "XXII Festival A"]
[Site "Arco ITA"]
[Date "2000.10.22"]
[Round "2"]
[White "Tocco, Paolo"]
[Black "Pienabarca, Nicola"]
[Result "1/2-1/2"]
[WhiteElo "2139"]
[BlackElo "2030"]
[PlyCount "122"]
[EventDate "2000.10.21"]

1. e4 e6 2. d4 d5 3. Nd2 Nf6 4. e5 Nfd7 5. Bd3 c5 6. c3 Nc6 7. Ngf3 cxd4 8.
cxd4 f6 9. Ng5 Ndxe5 10. dxe5 fxg5 11. Qh5+ Kd7 12. Nf3 g6 13. Qxg5 Bb4+ 14.
Kf1 Qxg5 15. Bxg5 Be7 16. h4 a6 17. Rc1 Rf8 18. Ke2 Ke8 19. Bxe7 Kxe7 20. h5 g5
21. Nxg5 Nxe5 22. Bxh7 Bd7 23. g3 Bb5+ 24. Ke1 Rac8 25. Rxc8 Rxc8 26. Kd2 Nc4+
27. Kc1 Kf6 28. f4 e5 29. b3 Ne3+ 30. Kd2 exf4 31. gxf4 Ng2 32. Nh3 Re8 33. Bd3
Bxd3 34. Kxd3 Rh8 35. Rh2 Rxh5 36. Rxg2 Rxh3+ 37. Kd4 Rf3 38. Kxd5 Rxf4 39. Kd6
Rf5 40. Rg3 Rf2 41. a4 Rc2 42. Rf3+ Kg6 43. Kd5 Rc6 44. Rf4 a5 45. Rf8 Rb6 46.
Kc4 Rb4+ 47. Kc3 b6 48. Rc8 b5 49. axb5 Rxb5 50. Rc4 Kf6 51. Kb2 Ke6 52. Ka3
Kd6 53. Ka4 Rh5 54. Rc8 Rh3 55. Rb8 Kc7 56. Rb5 Rh1 57. Kxa5 Ra1+ 58. Kb4 Rh1
59. Rg5 Kb7 60. Ka4 Rh4+ 61. b4 Rh3 1/2-1/2

[Event "XXII Festival A"]
[Site "Arco ITA"]
[Date "2000.10.22"]
[Round "2"]
[White "Valenti, Giuseppe"]
[Black "Lettich, Sergio"]
[Result "1-0"]
[WhiteElo "2190"]
[BlackElo "2078"]
[PlyCount "53"]
[EventDate "2000.10.21"]

1. e4 c5 2. Nf3 d6 3. d4 cxd4 4. Nxd4 a6 5. Nc3 Nf6 6. Bg5 e6 7. f4 Be7 8. Qf3
Qc7 9. O-O-O Nbd7 10. g4 b5 11. Bxf6 Nxf6 12. g5 Nd7 13. f5 Bxg5+ 14. Kb1 Ne5
15. Qh5 Qd8 16. Rg1 h6 17. fxe6 O-O 18. Bh3 g6 19. Qe2 Kh7 20. Nd5 fxe6 21.
Bxe6 Re8 22. Bxc8 Rxc8 23. Rdf1 Rf8 24. Ne6 Rxf1+ 25. Qxf1 Qa5 26. Nxg5+ hxg5
27. Qh3+ 1-0

[Event "XXII Festival A"]
[Site "Arco ITA"]
[Date "2000.10.22"]
[Round "2"]
[White "Zucchelli, Massimo"]
[Black "Pegoraro, Nicola"]
[Result "1/2-1/2"]
[WhiteElo "2190"]
[BlackElo "2062"]
[PlyCount "56"]
[EventDate "2000.10.21"]

1. d4 f5 2. Bg5 c6 3. e3 g6 4. h4 Bg7 5. Nf3 h6 6. Bf4 d6 7. h5 g5 8. Bg3 Nf6
9. Nbd2 Qa5 10. c3 Ne4 11. Nxe4 fxe4 12. Nd2 Bf5 13. Qc2 Bh7 14. Be2 Qf5 15.
Qb3 b6 16. Qd1 Qf7 17. O-O O-O 18. f3 exf3 19. Bxf3 Qe8 20. e4 Nd7 21. Qe2 Rc8
22. e5 d5 23. Bg4 e6 24. Rxf8+ Kxf8 25. Qa6 Rc7 26. c4 Kg8 27. Qa4 Qe7 28. Rc1
Nf8 1/2-1/2

[Event "XXII Festival A"]
[Site "Arco ITA"]
[Date "2000.10.23"]
[Round "3"]
[White "Bondielli, Giorgio"]
[Black "Trauth, Michael"]
[Result "1/2-1/2"]
[WhiteElo "1813"]
[BlackElo "2221"]
[PlyCount "47"]
[EventDate "2000.10.21"]

1. e4 c5 2. d4 cxd4 3. c3 d5 4. exd5 Qxd5 5. cxd4 Nc6 6. Nf3 e5 7. dxe5 Qxd1+
8. Kxd1 Bg4 9. Bb5 O-O-O+ 10. Bd2 Nxe5 11. Ke2 Ne7 12. Bf4 N7c6 13. Rc1 Bd6 14.
Bxc6 Nxc6 15. Be3 Rhe8 16. h3 Bh5 17. Nbd2 Kb8 18. Kf1 Ne5 19. Nxe5 Bxe5 20.
Nc4 Bf6 21. Bf4+ Ka8 22. Re1 g5 23. Bd2 Re7 24. Nd6 1/2-1/2

[Event "XXII Festival A"]
[Site "Arco ITA"]
[Date "2000.10.23"]
[Round "3"]
[White "Cocchi, Andrea"]
[Black "Crippa, Gabriele"]
[Result "1/2-1/2"]
[WhiteElo "2254"]
[BlackElo "2136"]
[PlyCount "38"]
[EventDate "2000.10.21"]

1. c4 Nf6 2. g3 c5 3. Bg2 g6 4. Nc3 Bg7 5. e3 Na6 6. Nge2 O-O 7. O-O Nc7 8. d4
d6 9. b3 Rb8 10. Bb2 a6 11. Qc2 b6 12. Rad1 Bb7 13. Ne4 Bxe4 14. Bxe4 Nxe4 15.
Qxe4 Qd7 16. Rd2 Ne6 17. Rfd1 Ng5 18. Qd5 Qg4 19. Rc2 Rfc8 1/2-1/2

[Event "XXII Festival A"]
[Site "Arco ITA"]
[Date "2000.10.23"]
[Round "3"]
[White "Dalponte, Dino"]
[Black "Ragonese, Lucio Rosario"]
[Result "1/2-1/2"]
[WhiteElo "2142"]
[BlackElo "1956"]
[PlyCount "61"]
[EventDate "2000.10.21"]

1. d4 f5 2. Bf4 Nf6 3. Nf3 g6 4. e3 Bg7 5. Bc4 e6 6. c3 Nc6 7. Nbd2 O-O 8. Bg5
d5 9. Bd3 h6 10. Bxf6 Bxf6 11. O-O Qe7 12. Qb3 Na5 13. Qa4 b6 14. Ne5 Bxe5 15.
dxe5 Bd7 16. Qc2 c5 17. f4 c4 18. Be2 Bc6 19. Nf3 Rab8 20. Nd4 Ba8 21. Rf3 a6
22. Rh3 Kh7 23. Kh1 Nc6 24. Rg1 b5 25. a3 a5 26. g4 Nxd4 27. exd4 b4 28. axb4
axb4 29. g5 h5 30. Qd1 Rh8 31. Qc1 1/2-1/2

[Event "XXII Festival A"]
[Site "Arco ITA"]
[Date "2000.10.23"]
[Round "3"]
[White "Diotallevi, Maurizio"]
[Black "Di Lao, Riccardo"]
[Result "0-1"]
[WhiteElo "2090"]
[BlackElo "2138"]
[PlyCount "156"]
[EventDate "2000.10.21"]

1. d4 d5 2. c4 c6 3. cxd5 cxd5 4. Nc3 Nf6 5. Bf4 Bd7 6. e3 a6 7. Bd3 Bc6 8. Rc1
e6 9. Qd2 Nbd7 10. f3 Nh5 11. Nge2 Nxf4 12. Nxf4 Nf6 13. Bb1 Bb4 14. O-O O-O
15. Nd3 Ba5 16. b4 Bc7 17. a3 Rc8 18. Rc2 Qd6 19. f4 Ne4 20. Nxe4 dxe4 21. Nc5
Rfd8 22. Rfc1 g5 23. g3 gxf4 24. gxf4 Bd5 25. Qf2 Kh8 26. Qh4 Rg8+ 27. Rg2
Rxg2+ 28. Kxg2 Rg8+ 29. Kf1 Bd8 30. Qf2 Qc6 31. Qc2 Qb5+ 32. Nd3 exd3 33. Qxd3
Qxd3+ 34. Bxd3 f5 35. Bc4 Be4 36. Bxe6 Bd3+ 37. Ke1 Rg1+ 38. Kd2 Rxc1 39. Kxc1
a5 40. Kd2 Be4 41. Kc3 Kg7 42. Kc4 Kf6 43. Bg8 h5 44. Kb5 Bc6+ 45. Kc4 Bb6 46.
Kc3 h4 47. Bc4 Kg6 48. Be2 Bd5 49. Kd2 Kh6 50. Bf1 Bf3 51. h3 Kg6 52. Kc3 Bd5
53. Kd2 Kf6 54. Kc3 Ke6 55. Kd3 axb4 56. axb4 Kd6 57. Kc3 Bd8 58. Bd3 Ke6 59.
Bf1 Be7 60. b5 Ba3 61. Kd2 Bb4+ 62. Kd3 Kd6 63. Kc2 Be4+ 64. Kd1 Kc7 65. Ke2
Kb6 66. Kf2 Ka5 67. Be2 Ka4 68. Bc4 Bc3 69. Be2 Kb4 70. Bf1 Bb2 71. Be2 Kc3 72.
Bf1 b6 73. Be2 Bd3 74. Bf3 Bxb5 75. d5 Ba3 76. e4 Bc5+ 77. Kg2 fxe4 78. Bxe4
Kd4 0-1

[Event "XXII Festival A"]
[Site "Arco ITA"]
[Date "2000.10.23"]
[Round "3"]
[White "Dittmar, Peter"]
[Black "Bagaturov, Giorgi"]
[Result "0-1"]
[WhiteElo "2364"]
[BlackElo "2502"]
[PlyCount "82"]
[EventDate "2000.10.21"]

1. c4 g6 2. Nc3 Bg7 3. g3 d6 4. Bg2 c5 5. e4 Nc6 6. d3 Nf6 7. Nge2 Bd7 8. O-O
Qc8 9. a3 Bh3 10. Rb1 h5 11. Bxh3 Qxh3 12. Nf4 Qd7 13. h4 Ng4 14. Kg2 e6 15. f3
Nge5 16. Nce2 Bf6 17. Rh1 O-O-O 18. b4 b6 19. Qc2 Kb7 20. Be3 g5 21. hxg5 Bxg5
22. Nd5 Bxe3 23. Nxe3 Rdg8 24. Kf2 Qe7 25. f4 Nd4 26. Nxd4 cxd4 27. Ng2 Ng4+
28. Kf3 Qf6 29. Rh3 d5 30. exd5 exd5 31. Re1 Re8 32. Rxe8 Rxe8 33. cxd5 Ne5+
34. Kf2 Qf5 35. Rxh5 Qxh5 36. fxe5 Rc8 37. Qe2 Qxe2+ 38. Kxe2 Re8 39. Nf4 Rxe5+
40. Kf2 Re3 41. Kg2 Kc7 0-1

[Event "XXII Festival A"]
[Site "Arco ITA"]
[Date "2000.10.23"]
[Round "3"]
[White "Djuric, Stefan"]
[Black "Barucco, Mattia"]
[Result "1-0"]
[WhiteElo "2461"]
[BlackElo "1912"]
[PlyCount "91"]
[EventDate "2000.10.21"]

1. c4 e5 2. g3 g6 3. d4 d6 4. Nc3 Nd7 5. Nf3 Ngf6 6. Bg2 Bg7 7. O-O O-O 8. d5
a5 9. Ne1 Nc5 10. Nd3 Nxd3 11. exd3 Bf5 12. h3 h5 13. f3 c6 14. g4 Bd7 15. Be3
cxd5 16. cxd5 Nh7 17. a4 hxg4 18. fxg4 f5 19. gxf5 gxf5 20. Kh2 Kh8 21. Ra3 Qe7
22. Rb3 Be8 23. Rb6 Rf6 24. d4 e4 25. Qb3 Rf7 26. Ne2 Ra6 27. Nf4 Nf8 28. Rxa6
bxa6 29. Rc1 Qb7 30. Qa3 Qb4 31. Qxb4 axb4 32. b3 Ra7 33. Bf1 Bd7 34. Be2 Bf6
35. Kg3 Bd8 36. h4 a5 37. h5 Kh7 38. Nh3 Rc7 39. Ng5+ Kg8 40. Bc4 Bxg5 41. Bxg5
Kf7 42. Bf4 Ke7 43. Kh4 Be8 44. Rg1 Rc8 45. Rg7+ Kf6 46. Ra7 1-0

[Event "XXII Festival A"]
[Site "Arco ITA"]
[Date "2000.10.23"]
[Round "3"]
[White "Doppelhammer, Herbert"]
[Black "Sprea, Giuseppe"]
[Result "1-0"]
[WhiteElo "2119"]
[BlackElo "1930"]
[PlyCount "55"]
[EventDate "2000.10.21"]

1. d4 d5 2. Nf3 Nf6 3. Bf4 Bf5 4. c4 c6 5. e3 e6 6. Nc3 Be7 7. Qb3 Qb6 8. c5
Qxb3 9. axb3 Nbd7 10. b4 Ne4 11. b5 g5 12. bxc6 bxc6 13. Bc7 f6 14. Ba6 Nexc5
15. dxc5 Nxc5 16. Nd4 Kd7 17. Nxf5 exf5 18. Bg3 h5 19. h4 d4 20. Ne2 Nxa6 21.
Rxa6 Bb4+ 22. Kd1 d3 23. Nd4 f4 24. exf4 Rhe8 25. fxg5 Re4 26. Nxc6 Bc5 27.
gxf6 Re2 28. Ne5+ 1-0

[Event "XXII Festival A"]
[Site "Arco ITA"]
[Date "2000.10.23"]
[Round "3"]
[White "Genocchio, Daniele"]
[Black "Drasko, Milan"]
[Result "0-1"]
[WhiteElo "2201"]
[BlackElo "2495"]
[PlyCount "80"]
[EventDate "2000.10.21"]

1. e4 e6 2. d3 d5 3. Qe2 dxe4 4. dxe4 e5 5. Nf3 Nd7 6. g3 Ngf6 7. Bg2 Bc5 8. b3
O-O 9. Bb2 Qe7 10. O-O a5 11. h3 b6 12. Rd1 Ba6 13. c4 Rfd8 14. a3 Bd6 15. Nc3
Nc5 16. Nd2 c6 17. b4 Ne6 18. b5 Nd4 19. Qd3 cxb5 20. cxb5 Bb7 21. Na4 Nd7 22.
Bxd4 exd4 23. Nc4 Nc5 24. Nxc5 Bxc5 25. a4 Rac8 26. Rac1 Rc7 27. Ne3 Rcd7 28.
Nd5 Qf8 29. g4 Qd6 30. Qf3 h5 31. g5 Qg6 32. h4 Bxd5 33. exd5 Rxd5 34. Qd3 Qxd3
35. Rxd3 Rf5 36. Bf3 g6 37. Re1 Kf8 38. Re4 Re8 39. Rxe8+ Kxe8 40. Kg2 Rf4 0-1

[Event "XXII Festival A"]
[Site "Arco ITA"]
[Date "2000.10.23"]
[Round "3"]
[White "Inkiov, Ventzislav V."]
[Black "Lazarev, Vladimir"]
[Result "1-0"]
[WhiteElo "2419"]
[BlackElo "2501"]
[PlyCount "89"]
[EventDate "2000.10.21"]

1. d4 Nf6 2. c4 c5 3. d5 b5 4. Nf3 Bb7 5. a4 b4 6. Qc2 d6 7. e4 e5 8. Be2 g6 9.
Nbd2 a5 10. O-O Bg7 11. Ne1 Bc8 12. g3 O-O 13. Ng2 Ne8 14. Bd3 Ra7 15. Nf3 Bg4
16. Nfh4 Bf6 17. Ne3 Bh3 18. Nhg2 Ng7 19. Bd2 Nd7 20. Rae1 Nb6 21. b3 Re7 22.
Qd1 Ree8 23. Ng4 Be7 24. f4 exf4 25. gxf4 Bxg4 26. Qxg4 f5 27. exf5 gxf5 28.
Qh3 Bf6 29. Rxe8 Qxe8 30. Kh1 Bd4 31. Ne3 Qf7 32. Rg1 Kh8 33. Rg5 Bxe3 34. Qxe3
Nxd5 35. cxd5 Qxd5+ 36. Kg1 Re8 37. Qg3 Ne6 38. Rxf5 Qd4+ 39. Kf1 Rg8 40. Qe3
Qa1+ 41. Be1 Qg7 42. Be4 Qg4 43. Rf7 Rg7 44. Rxg7 Nxg7 45. Bd3 1-0

[Event "XXII Festival A"]
[Site "Arco ITA"]
[Date "2000.10.23"]
[Round "3"]
[White "Kleibaumhueter, Klaus"]
[Black "Lovati, Paolo"]
[Result "1-0"]
[WhiteElo "2187"]
[BlackElo "2084"]
[PlyCount "67"]
[EventDate "2000.10.21"]

1. Nf3 d6 2. c4 e5 3. Nc3 g6 4. g3 Bg7 5. Bg2 Ne7 6. O-O O-O 7. d4 c6 8. h3 Nf5
9. d5 c5 10. Rb1 Bd7 11. a3 Na6 12. b4 Nd4 13. Nd2 Nf5 14. Nde4 cxb4 15. axb4
Be8 16. g4 Ne7 17. c5 Nc8 18. Be3 b6 19. cxd6 Nxd6 20. Nxd6 Qxd6 21. Ne4 Qd8
22. d6 Rc8 23. Qd3 Nb8 24. Rfc1 Rxc1+ 25. Rxc1 a6 26. Rc7 Bb5 27. Qd2 Nd7 28.
Nc3 f5 29. gxf5 gxf5 30. Bg5 Bf6 31. Bh6 Re8 32. Nxb5 axb5 33. Qd5+ Kh8 34. Qf7
1-0

[Event "XXII Festival A"]
[Site "Arco ITA"]
[Date "2000.10.23"]
[Round "3"]
[White "Kloster, Josef"]
[Black "Denes, Roberto"]
[Result "1-0"]
[WhiteElo "2135"]
[BlackElo "1498"]
[PlyCount "45"]
[EventDate "2000.10.21"]

1. e4 e5 2. Nc3 Nf6 3. f4 d6 4. Nf3 Bg4 5. h3 Bxf3 6. Qxf3 a6 7. Bc4 Nc6 8. d3
Nd4 9. Qf2 Be7 10. Be3 b5 11. Bb3 Nxb3 12. axb3 O-O 13. O-O c6 14. fxe5 dxe5
15. Qg3 Nd7 16. Rf5 Qc7 17. Bh6 Bc5+ 18. Kh1 g6 19. Bxf8 Kxf8 20. Rf3 a5 21.
Raf1 f6 22. Ne2 Ke7 23. Qh4 1-0

[Event "XXII Festival A"]
[Site "Arco ITA"]
[Date "2000.10.23"]
[Round "3"]
[White "Luciani, Carlo"]
[Black "Dickhoff, Ronald"]
[Result "1/2-1/2"]
[WhiteElo "2225"]
[BlackElo "2273"]
[PlyCount "34"]
[EventDate "2000.10.21"]

1. e4 e6 2. d4 d5 3. Nd2 c5 4. exd5 exd5 5. Ngf3 a6 6. dxc5 Bxc5 7. Be2 Nf6 8.
O-O O-O 9. Nb3 Be7 10. Nfd4 Nc6 11. c3 Ne5 12. Qc2 Re8 13. Bg5 h6 14. Bh4 Ng6
15. Bg3 Bg4 16. Bxg4 Nxg4 17. Rad1 Qd7 1/2-1/2